Statistiken für 1.FC Köln - Bundesliga-Rekordspieler (TOP 50)

Klicken Sie hier um das Quiz zu spielen!

Allgemein

  • Dieses Quiz wurde 33 mal gespielt
  • Das Durchschnittsergebnis liegt bei 17 aus 50

Antwortstatistiken

PlatzNameNationGeburtstagEinsätze% Korrekt
17Jonas HectorDeutschland27.05.1990228
81%
35Lukas PodolskiDeutschland / Polen04.06.1985139
81%
22Timo HornDeutschland12.05.1993201
81%
38Anthony ModesteFrankreich / Martinique14.04.1988135
71%
3Pierre LittbarskiDeutschland16.04.1960406
68%
2Wolfgang OverathDeutschland29.09.1943409
68%
1Toni SchumacherDeutschland06.03.1954422
65%
32Toni PolsterÖsterreich10.03.1964150
61%
10Bodo IllgnerDeutschland07.04.1967326
55%
14Dieter MüllerDeutschland01.04.1954248
55%
9Heinz FloheDeutschland28.01.1948329
55%
50Ellyes SkhiriTunesien / Frankreich10.05.1995118
52%
4Hannes LöhrDeutschland05.07.1942381
48%
7Bernd CullmannDeutschland01.11.1949341
45%
26Klaus AllofsDeutschland05.12.1956177
45%
33Thomas HäßlerDeutschland30.05.1966149
42%
41Tony WoodcockEngland06.12.1955131
42%
11Paul SteinerDeutschland23.01.1957291
39%
6Wolfgang WeberDeutschland26.06.1944356
39%
5Heinz SimmetDeutschland22.11.1944357
32%
48Matthias ScherzDeutschland14.12.1971122
32%
18Karl-Heinz ThielenDeutschland02.04.1940221
29%
34Miso BreckoSlowenien01.05.1984140
29%
12Gerd StrackDeutschland01.09.1955261
26%
8Harald KonopkaDeutschland18.11.1952335
26%
23Herbert NeumannDeutschland14.11.1953193
26%
21Herbert ZimmermannDeutschland01.07.1954202
26%
49Ralf SturmDeutschland18.10.1968121
26%
16Stephan EngelsDeutschland06.09.1960236
26%
39Andrzej RudyPolen15.10.1965134
23%
15Dieter PrestinDeutschland23.08.1956246
23%
25Jürgen GlowaczDeutschland30.09.1952183
23%
46Frank OrdenewitzDeutschland25.03.1965126
19%
47Henrik AndersenDänemark07.05.1965125
19%
43Horst HeldtDeutschland09.12.1969130
19%
19Karsten BaumannDeutschland14.10.1969220
19%
36Rico SteinmannDeutschland26.12.1967139
19%
42Andreas GielchenDeutschland27.10.1964131
16%
45Falko GötzDeutschland26.03.1962127
16%
28Frank GreinerDeutschland03.07.1966176
16%
40Thomas CichonDeutschland / Polen09.07.1976132
16%
29Alfons HiglDeutschland17.12.1964172
13%
27Heinz HornigDeutschland28.09.1937176
13%
24Matthias HönerbachDeutschland13.04.1962184
13%
20Olaf JanßenDeutschland08.10.1966209
13%
37Ralf HauptmannDeutschland20.09.1968138
13%
31Fritz PottDeutschland23.04.1939151
10%
30Holger WillmerDeutschland25.09.1958165
6%
13Matthias HemmersbachDeutschland26.07.1941249
6%
44Roland GerberDeutschland20.05.1953127
6%

Verteilung der Resultate

Perzentil nach korrekt beantworteten Fragen

Anzahl Personen mit jedem Resultat

Ihre Resultats-Entwicklung

Sie haben dieses Quiz noch nicht gespielt